| 000 | 00727nam a2200217 a 4500 | ||
|---|---|---|---|
| 001 | 000043353 | ||
| 005 | 20201002040835.0 | ||
| 008 | 140310s1998 sp 001 0 spa d | ||
| 020 | _a8420681725 | ||
| 040 |
_aDO-SdBNP _bspa _cBNPHU |
||
| 100 | 1 |
_aMarchesi, Álvaro _971002 |
|
| 245 | 1 | 0 |
_aCalidad de la enseñanza en tiempos de cambio. / _cÁlvaro Marchesi, Elena Martín. |
| 260 |
_aMadrid, : _bAlianza editorial, _c1998. |
||
| 300 |
_a498 p. ; _c25 cm. |
||
| 490 | 1 |
_aManuales _aPsicología y educación _v003 |
|
| 500 | _aIncluye notas a pie de páginas | ||
| 504 | _aBibliografía p: 473-493 | ||
| 500 | _aIncluye índice | ||
| 700 | 1 | 2 |
_aMartín, Elena _971003 |
| 830 | 0 |
_aManuales _gPsicología y educación _n003 _971004 |
|
| 999 |
_c42842 _d42842 |
||